000 00451nam a2200181Ia 4500
003 GCL
008 140319s9999 xx 000 0 eng d
040 _aGCL /
_cGCL
082 0 4 _a813
_bS I
100 1 _aSTEINBECK, JOHN
245 1 0 _aIN DUBIOUS BATTLE /
_cSTEINBECK, JOHN
260 _a[S.N] :
_bBANTAM BOOKS ،
_c1970
300 _a250 P
650 0 4 _aFICTION
650 0 4 _aAMERICAN FICTION
650 0 4 _aAMERICAN LITERATURE
942 _2ddc
_cBK
999 _c14883
_d14883